000 00326pab a2200133 454500
008 180718b xxu||||| |||| 00| 0 eng d
100 _aMahajan, V.S.
245 _aPrivatisation: the Japanese experience
650 _a Japan
650 _a Privatisation
650 _aGovernment Enterprise
773 _aTribune
909 _a22644
999 _c22644
_d22644